Nuevamente sobre la obligación de los profesionales en Ciencias Económicas de formular denuncias penales (Registro nro. 35099)

Detalles MARC
000 -LEADER
fixed length control field 00377 a2200109 4500
001 - CONTROL NUMBER
control field ART_50520
005 - DATE AND TIME OF LATEST TRANSACTION
control field 20260410162043.0
008 - FIXED-LENGTH DATA ELEMENTS--GENERAL INFORMATION
fixed length control field 260409a
100 1# - MAIN ENTRY--PERSONAL NAME
Personal name Robiglio, Carolina L.
245 10 - TITLE STATEMENT
Title Nuevamente sobre la obligación de los profesionales en Ciencias Económicas de formular denuncias penales
773 0# - HOST ITEM ENTRY
Title Impuestos
Related parts - N°68 (ene. 2020)
Record control number REV45175

No hay ítems disponibles.